| 000 | 00613nam a22002057a 4500 | ||
|---|---|---|---|
| 003 | OSt | ||
| 005 | 20151102150249.0 | ||
| 008 | 151102b xxu||||| |||| 00| 0 eng d | ||
| 020 | _a9781442217768 | ||
| 040 | _cDDC | ||
| 082 | _a370.9 ARN 2013 | ||
| 100 |
_aArnove, Robert F.; Torres, C. Alberto; Franz, Stephen _95929 |
||
| 245 |
_aComparative Education: _bthe dialectic of the global and the local |
||
| 250 | _a4th ed. | ||
| 260 |
_aLanham; _bRowman, _c2013 |
||
| 300 |
_avii,508p; _bill: _c25cm |
||
| 504 | _aNotes, references, & index included | ||
| 650 |
_aComparative education _95748 |
||
| 942 |
_2z _cSLOAN |
||
| 999 |
_c2373 _d2373 |
||